Magdalene (Record no. 9739)

MARC details
000 -LEADER
fixed length control field 00615nam a2200241 a 4500
020 ## - INTERNATIONAL STANDARD BOOK NUMBER
ISBN 0745994
082 00 - DEWEY DECIMAL CLASSIFICATION NUMBER
Classification number 232.95
Author Cutter THO
100 ## - MAIN ENTRY--AUTHOR NAME
Author name Thomas, Gordon
245 ## - TITLE STATEMENT
Title Magdalene
Sub title Jesus and the Woman Who Loved Him.
260 ## - PUBLICATION, DISTRIBUTION, ETC. (IMPRINT)
Place of publication Oxford
Name of publisher Lion Publishing
Year of publication 1998
300 ## - PHYSICAL DESCRIPTION
Number of Pages 319p
500 ## - GENERAL NOTE
General note includes index and biblioraphy
505 2# - FORMATTED CONTENTS NOTE
Formatted contents note Bibliography
650 ## - SUBJECT ADDED ENTRY--TOPICAL TERM
Topical Term Jesus Christ-Magdalene
942 ## - ADDED ENTRY ELEMENTS (KOHA)
Koha item type Books
700 1# -
-- Thomas, Gordon
Holdings
Collection code Home library Current library Date acquired Cost, normal purchase price Full call number Accession Number Koha item type
  Henry Martyn Institute Library Henry Martyn Institute Library 06/19/2007 695.00 232.95 THO 019839 Books
                   Copyright © 2026 | Henry Martyn Institute | Hyderabad | TS-500052 | INDIA | Implemented by hmi.edu.in
Hit-Count:

Powered by Koha